<?xml version="1.0" encoding="UTF-8"?>
<record
    xmlns:xsi="http://www.w3.org/2001/XMLSchema-instance"
    xsi:schemaLocation="http://www.loc.gov/MARC21/slim http://www.loc.gov/standards/marcxml/schema/MARC21slim.xsd"
    xmlns="http://www.loc.gov/MARC21/slim">

  <leader>01484nam1a22003371  4500</leader>
  <controlfield tag="001">rc\4121989</controlfield>
  <controlfield tag="005">20260424124616.0</controlfield>
  <datafield tag="035" ind1=" " ind2=" ">
    <subfield code="a">(NLR Aleph) 007981538</subfield>
  </datafield>
  <datafield tag="090" ind1=" " ind2=" ">
    <subfield code="a">8523024</subfield>
    <subfield code="c">8523024</subfield>
  </datafield>
  <datafield tag="100" ind1=" " ind2=" ">
    <subfield code="a">20260426              rusy50        </subfield>
  </datafield>
  <datafield tag="101" ind1="0" ind2=" ">
    <subfield code="a">rus</subfield>
  </datafield>
  <datafield tag="102" ind1=" " ind2=" ">
    <subfield code="a">RU</subfield>
  </datafield>
  <datafield tag="105" ind1=" " ind2=" ">
    <subfield code="a">|   g   |||||</subfield>
  </datafield>
  <datafield tag="200" ind1="1" ind2=" ">
    <subfield code="a">&#x41C;&#x443;&#x437;&#x44B;&#x43A;&#x430;&#x43B;&#x44C;&#x43D;&#x44B;&#x439; &#x43A;&#x430;&#x43B;&#x435;&#x43D;&#x434;&#x430;&#x440;&#x44C; ...</subfield>
    <subfield code="e">[&#x435;&#x436;&#x435;&#x433;&#x43E;&#x434;&#x43D;&#x438;&#x43A;]</subfield>
  </datafield>
  <datafield tag="210" ind1=" " ind2=" ">
    <subfield code="a">&#x41C;&#x43E;&#x441;&#x43A;&#x432;&#x430;</subfield>
    <subfield code="c">&#x413;&#x43E;&#x441;&#x443;&#x434;&#x430;&#x440;&#x441;&#x442;&#x432;&#x435;&#x43D;&#x43D;&#x43E;&#x435; &#x43C;&#x443;&#x437;&#x44B;&#x43A;&#x430;&#x43B;&#x44C;&#x43D;&#x43E;&#x435; &#x438;&#x437;&#x434;-&#x432;&#x43E;</subfield>
    <subfield code="d">1956&#x2013;</subfield>
  </datafield>
  <datafield tag="215" ind1=" " ind2=" ">
    <subfield code="d">14&#x2013;22</subfield>
  </datafield>
  <datafield tag="300" ind1=" " ind2=" ">
    <subfield code="a">&#x421; &#x432;&#x44B;&#x43F;. 1970 &#x433;. &#x437;&#x430;&#x433;&#x43B;. &#x438; &#x43F;&#x43E;&#x434;&#x437;&#x430;&#x433;. &#x434;&#x430;&#x43D;&#x43D;&#x44B;&#x435;: &#x415;&#x436;&#x435;&#x433;&#x43E;&#x434;&#x43D;&#x438;&#x43A; &#x43F;&#x430;&#x43C;&#x44F;&#x442;&#x43D;&#x44B;&#x445; &#x43C;&#x443;&#x437;&#x44B;&#x43A;&#x430;&#x43B;&#x44C;&#x43D;&#x44B;&#x445; &#x434;&#x430;&#x442; &#x438; &#x441;&#x43E;&#x431;&#x44B;&#x442;&#x438;&#x439; : &#x441;&#x43F;&#x440;&#x430;&#x432;&#x43E;&#x447;&#x43D;&#x43E;&#x435; &#x43F;&#x43E;&#x441;&#x43E;&#x431;&#x438;&#x435;</subfield>
  </datafield>
  <datafield tag="300" ind1=" " ind2=" ">
    <subfield code="a">&#x423; &#x432;&#x44B;&#x43F;. 1968&#x2013;1969 &#x433;&#x433;. &#x432; &#x432;&#x44B;&#x445;. &#x434;&#x430;&#x43D;.: &#x418;&#x437;&#x434;-&#x432;&#x43E; "&#x421;&#x43E;&#x432;&#x435;&#x442;&#x441;&#x43A;&#x438;&#x439; &#x43A;&#x43E;&#x43C;&#x43F;&#x43E;&#x437;&#x438;&#x442;&#x43E;&#x440;"</subfield>
  </datafield>
  <datafield tag="300" ind1=" " ind2=" ">
    <subfield code="a">&#x423; &#x432;&#x44B;&#x43F;. 1965&#x2013;1966 &#x433;&#x433;. &#x438; &#x441; &#x432;&#x44B;&#x43F;. 1969 &#x433;. &#x432; &#x432;&#x44B;&#x445;. &#x434;&#x430;&#x43D;.: &#x418;&#x437;&#x434;-&#x432;&#x43E; "&#x41C;&#x443;&#x437;&#x44B;&#x43A;&#x430;"</subfield>
  </datafield>
  <datafield tag="320" ind1=" " ind2=" ">
    <subfield code="a">&#x411;&#x438;&#x431;&#x43B;&#x438;&#x43E;&#x433;&#x440;. &#x432; &#x43A;&#x43E;&#x43D;&#x446;&#x435; &#x441;&#x442;.</subfield>
  </datafield>
  <datafield tag="327" ind1="1" ind2=" ">
    <subfield code="a">&#x421;&#x43E;&#x434;&#x435;&#x440;&#x436;. &#x441;&#x442;&#x430;&#x442;&#x44C;&#x438; &#x43D;&#x430; &#x437;&#x43D;&#x430;&#x447;&#x438;&#x43C;&#x44B;&#x435; &#x434;&#x430;&#x442;&#x44B; &#x43C;&#x443;&#x437;. &#x438;&#x441;&#x442;&#x43E;&#x440;&#x438;&#x438;</subfield>
  </datafield>
  <datafield tag="517" ind1="1" ind2=" ">
    <subfield code="a">&#x415;&#x436;&#x435;&#x433;&#x43E;&#x434;&#x43D;&#x438;&#x43A; &#x43F;&#x430;&#x43C;&#x44F;&#x442;&#x43D;&#x44B;&#x445; &#x43C;&#x443;&#x437;&#x44B;&#x43A;&#x430;&#x43B;&#x44C;&#x43D;&#x44B;&#x445; &#x434;&#x430;&#x442; &#x438; &#x441;&#x43E;&#x431;&#x44B;&#x442;&#x438;&#x439;</subfield>
    <subfield code="e">&#x441;&#x43F;&#x440;&#x430;&#x432;&#x43E;&#x447;&#x43D;&#x43E;&#x435; &#x43F;&#x43E;&#x441;&#x43E;&#x431;&#x438;&#x435;</subfield>
  </datafield>
  <datafield tag="801" ind1=" " ind2="0">
    <subfield code="a">RU</subfield>
    <subfield code="b">NLR</subfield>
    <subfield code="g">psbo</subfield>
  </datafield>
  <datafield tag="801" ind1=" " ind2="1">
    <subfield code="a">RU</subfield>
    <subfield code="b">ELAR</subfield>
    <subfield code="2">rusmarc</subfield>
  </datafield>
  <datafield tag="852" ind1=" " ind2=" ">
    <subfield code="a">NLR</subfield>
    <subfield code="j">60-1/1119</subfield>
  </datafield>
  <datafield tag="852" ind1=" " ind2=" ">
    <subfield code="a">NLR</subfield>
    <subfield code="j">87-5/113</subfield>
  </datafield>
  <datafield tag="852" ind1=" " ind2=" ">
    <subfield code="a">NLR</subfield>
    <subfield code="j">+ &#x448;&#x438;&#x444;&#x440;&#x44B; &#x440;&#x430;&#x437;&#x43D;&#x44B;&#x435;</subfield>
  </datafield>
  <datafield tag="942" ind1=" " ind2=" ">
    <subfield code="c">BOOK</subfield>
  </datafield>
  <datafield tag="980" ind1=" " ind2=" ">
    <subfield code="a">NB</subfield>
  </datafield>
</record>
